000 01343cam a22003737a 4500
003 CHAP
005 20220329142336.0
008 000821d2000 mx r 00110 spa d
010 _a82054
011 _a83026
035 _a93534
040 _cCHAP
090 _aTesis
100 0 0 _aPérez Madrid, Gerardo.
_989819
245 1 0 _aEfecto del anillado y ácido geberélico en el amarre y calidad de fruto, azúcares y nutrimientos en tangerina "Mónica" (Citrus sp.)
_c/por Gerardo Pérez Madrid
260 _aChapingo, Méx. :
_bEl autor,
_c2000.
300 _a85 h.
502 _aTesis (M.C. en Horticultura) -- UACH. Departamento de Fitotecnia
590 _aALEPH
_b10
_c20130110
_lUCH01
_h1437
590 _aBATCH-UPD
_b10
_c20130110
_lUCH01
_h0644
590 _aBATCH-UPD
_b10
_c20130410
_lUCH01
_h0328
590 _aBATCH-UPD
_b10
_c20130914
_lUCH01
_h1449
590 _aCONVERSION
_b10
_c20130109
_lUCH01
_h1346
650 1 4 _aAcido giberelico
_xEfecto en plantas.
_9587
650 1 4 _aFruta
_xValor nutritivo.
_943664
650 1 4 _aMandarina
_xCrecimiento.
_970329
650 1 4 _aMandarina
_xVariedades.
_970340
650 1 4 _aMandarina
_xVeracruz.
_970341
901 _aBK
905 _aLilia Sánchez G.
942 _cFOLL
949 _bBC
_cTES
_d33724000788071
_eTS2
_fc.2
_h36868
_i93534
_si
949 _bBC
_cTES
_d935341
_eTS1
_h36867
_i93534
_sb
999 _c82054
_d82054